MARC

Tag First Indicator Second Indicator Subfields
LEADER 00000cam a22000008a 4500
001 in00000899621
005 20150923200052.0
008 890630s1989 vaua b f00000 eng
010 |a gp 90002525  
010 |a  89600218  
035 |a (OCoLC)20015943 
035 |9 AEN3551AM 
040 |a DLC  |c DLC  |d GPO  |d UtOrBLW 
043 |a n-us-or 
050 0 0 |a QE75  |b .B9 no. 1741-C  |a TN24.O7 
074 |a 620 
082 0 |a 557.3 s  |a 553/.09795/97  |2 20 
086 0 |a I 19.3:1741-C 
092 |a 553.09  |b M 1741-C 
245 0 0 |a Mineral resources of the Camp Creek and Cottonwood Creek Wilderness study areas, Malheur County, Oregon /  |c by William J. Keith [and others]. 
264 1 |a [Reston, Va.] :  |b Dept. of the Interior, U.S. Geological Survey ;  |c 1989. 
264 2 |a Denver, CO :  |b For sale by the Books and Open-File Reports Section, 
300 |a v, 16 pages :  |b illustrations ;  |c 28 cm. 
336 |a text  |b txt  |2 rdacontent 
337 |a unmediated  |b n  |2 rdamedia 
338 |a volume  |b nc  |2 rdacarrier 
490 1 |a U.S. Geological Survey bulletin ;  |v 1741-C 
490 1 |a Mineral resources of wilderness study areas--east-central Oregon ;  |v ch. C 
490 1 |a Studies related to wilderness : Bureau of Land Management wilderness study area 
500 |a Shipping list number: 89-658-P. 
504 |a Includes bibliographical references (pages 11-12). 
650 0 |a Mines and mineral resources  |z Oregon  |z Camp Creek Wilderness. 
650 0 |a Mines and mineral resources  |z Oregon  |z Cottonwood Creek Wilderness. 
651 0 |a Camp Creek Wilderness (Or.) 
651 0 |a Cottonwood Creek Wilderness (Or.) 
700 1 |a Keith, William J.,  |d 1933- 
710 2 |a Geological Survey (U.S.) 
830 0 |a U.S. Geological Survey bulletin ;  |v 1741-C. 
830 0 |a Mineral resources of wilderness study areas--east-central Oregon ;  |v ch. C. 
830 0 |a Studies related to wilderness--Bureau of Land Management wilderness study areas. 
999 |a MARS 
999 f f |s 60c6bc3e-0f27-32c9-8f9b-3f8651f8c2e7  |i fcc93beb-67fe-330c-80e7-e418e0dd1bd6  |t 0 
952 f f |p normal  |a Texas A&M University  |b College Station  |c Sterling C. Evans Library  |d Evans: US Documents (Annex 5th floor)  |t 0  |e I 19.3:1741A-1741H  |h Superintendent of Documents classification  |i unmediated -- volume  |m A14819203701 
952 f f |a Texas A&M University  |b College Station  |c Sterling C. Evans Library  |d Evans: US Documents (Annex 5th floor)  |t 0  |e I 19.3:1741A-1741H  |h Superintendent of Documents classification 
952 f f |a Texas A&M University  |b College Station  |c Sterling C. Evans Library  |d Evans: US Documents (Annex 5th floor)  |t 0  |e I 19.3:1741-C  |h Superintendent of Documents classification 
952 f f |a Texas A&M University  |b College Station  |c Sterling C. Evans Library  |d Halbouty Reading Rm (Halbouty Bldg 173) (Does not check out)  |t 0  |e 553.09 M 1741-C  |h Dewey Decimal classification 
998 f f |a I 19.3:1741A-1741H  |t 0  |l Evans: US Documents (Annex 5th floor) 
998 f f |a I 19.3:1741-C  |t 0  |l Evans: US Documents (Annex 5th floor) 
998 f f |a 553.09 M 1741-C  |t 0  |l Halbouty Reading Rm (Halbouty Bldg 173) (Does not check out)